Loading...

Behavioural resistance of hosts to flea infestation

Bibliographic Details
Main Author: Lila Chandy
Format: Dissertation
Published: Department of Zoology, University of Kerala 1981
Series:Dr. R S Prasad
Subjects:
LEADER 00545nam a2200193 4500
020
082 |a P026 LIL-81 
100 |a Lila Chandy 
245 |a Behavioural resistance of hosts to flea infestation 
250
260 |a Department of Zoology, University of Kerala  |c 1981 
300
490 |a Dr. R S Prasad 
500
590 |a ABHI 
650 |a MPhil Dissertations 
942 |c DISS 
999 |c 93655  |d 93655 
952 |0 0  |1 0  |4 0  |6 P_026_000000000000000_LIL81  |7 0  |9 107123  |a ZGY  |b ZGY  |l 0  |o P026 LIL-81  |p ZGYP026  |r 2019-09-25  |w 2019-09-25  |y DISS